| 000 | 00702nam a22002292 4500 | ||
|---|---|---|---|
| 001 | 0000021281 | ||
| 005 | 20151217145933.0 | ||
| 008 | 120307s xx 000 0 eng d | ||
| 020 | _a8131502136 : | ||
| 040 |
_aKABU _cKABU |
||
| 100 | 1 |
_aTomsho, Greg. _@0000182083 |
|
| 245 | 1 | 0 |
_aGuide to networking essentials / _cGreg Tomsho, Ed Tittel, David Johnson. |
| 250 | _a5th ed. | ||
| 260 |
_aNew Delhi : _bCengage, _c2007. |
||
| 300 |
_axxi, 658 p. + _e1 CD-ROM. |
||
| 650 | 0 |
_aComputer networks. _@0000148214 |
|
| 700 | 1 |
_aTittel, Ed. _@0000154630 |
|
| 700 | 1 |
_aJohnson, David. _@0000182084 |
|
| 852 | 1 | _9p6906 KES | |
| 908 | _a120307 | ||
| 950 | _@1 | ||
| 999 |
_c4273 _d4273 |
||